00554nam a22002057a 450000500170000001000130001702000100003003500130004003700170005304000120007008200160008210000170009824500810011526000420019627000300023830000310026865000140029965000180031370000170033120170124110012.0 aB-024089 c00.00 aB-024089 bCen Lib/ Ret aDPLbEN a346.54bGUL aGulshan, S.S aLectures on usiness and economic laws /cby S.S. Gulashan [and] G.K. Kapoor  aNew DelhibSultan chand & sons c1989 a23, Daryaganj bNew Delhi avarious pagings c20cm(Hb) aEconomics aEconomics law aKapoor, G.K.